| 000 | 00693nam a22002297a 4500 | ||
|---|---|---|---|
| 001 | BD-DhSAU 2312 | ||
| 003 | BD-DhSAU | ||
| 005 | 20150127142322.0 | ||
| 008 | 150127s1985 ii |||||r|||| 001 0 eng d | ||
| 040 | _aBD-DhSAU | ||
| 082 |
_222 _a615.1 _bSTC |
||
| 100 | _aSmith, F Porter | ||
| 245 |
_aChinese materia medica : _bvegetable kingdom / _cF Porter Smith; G A Stuart |
||
| 260 |
_aNew Delhi : _bInternational Book Distributors _c1985. |
||
| 300 |
_avi, 558 p. : _c23 cm. |
||
| 504 | _aIncludes index. | ||
| 590 | _aerfat | ||
| 650 |
_aBotany _zChina. |
||
| 650 |
_aMateria medica and therapeutics _zChina. |
||
| 650 | _aBotany, Medical. | ||
| 700 |
_aStuart, G A _q(George Ashur) |
||
| 942 |
_2ddc _cBOOK |
||
| 999 |
_c2312 _d2312 |
||